IT trendy ve finančním sektoru a jejich obchodní přínosy
Nové informačné technológie vo finančnom sektore, ktorých implementácia môže byť dôležitá z hľadiska poskytovana flexibilných a kvalitných IT služieb. Funkcie, ktoré umožnia realizáciu obchodných požiadaviek a splnia očakávania zákazníkov.
Na minha lista:
| Autor principal: | |
|---|---|
| Formato: | Capítulo de Livro |
| Idioma: | tcheco |
| Assuntos: | |
| Tags: |
Sem tags, seja o primeiro a adicionar uma tag!
|
MARC
| LEADER | 00000naa a2200000 4500 | ||
|---|---|---|---|
| 001 | 0152588 | ||
| 005 | 20231211082100.3 | ||
| 041 | 0 | |a cze | |
| 044 | |a CZ | ||
| 245 | 1 | 0 | |a IT trendy ve finančním sektoru a jejich obchodní přínosy |c Štěpán Húsek |
| 520 | |a Nové informačné technológie vo finančnom sektore, ktorých implementácia môže byť dôležitá z hľadiska poskytovana flexibilných a kvalitných IT služieb. Funkcie, ktoré umožnia realizáciu obchodných požiadaviek a splnia očakávania zákazníkov. | ||
| 610 | 2 | 0 | |a banky |
| 610 | 2 | 0 | |a inštitúcie finančné |
| 610 | 2 | 0 | |a bankovníctvo elektronické |
| 610 | 2 | 0 | |a služby finančné |
| 610 | 2 | 0 | |a služby bankové |
| 610 | 2 | 0 | |a operácie bankové |
| 610 | 2 | 0 | |a internetbanking |
| 610 | 2 | 0 | |a homebanking |
| 610 | 2 | 0 | |a komunikácia elektronická |
| 100 | 1 | |a Húsek, Štěpán | |